| 000 | 01010nac a22001691u 4500 | ||
|---|---|---|---|
| 008 | 101222s2006 xxu||||| |||| 00| 0 ara d | ||
| 082 |
_a337.401724 _bهـ و ل |
||
| 100 | 1 |
_aهولاند ، مارتن _921628 |
|
| 245 |
_aالاتحاد الأوروبي والعالم الثالث / _cمارتن هولاند ؛ نقله إلى العربية صالح فرحان الصالح |
||
| 260 |
_aدمشق : _bوزارة الثقافة ،2006 _c2006. |
||
| 300 |
_a359 ص : _bايض ؛ _c24 سم. |
||
| 651 |
_921970 _aالدول النامية _xالعلاقات الخارجية _zالاتحاد الأوروبي |
||
| 651 |
_921971 _aالاتحاد الأوروبي _xالعلاقات الخارجية _zالدول النامية |
||
| 700 | 1 |
_aالصالح ، صالح فرحان _921630 |
|
| 942 |
_cBB _k337.401724 هـ و ل _2ddc |
||
| 999 |
_c6759 _d6759 |
||